Modelovanie a optimalizácia separácie materiálového prúdu propán-propylén pomocou destilácie

Gespeichert in:
Bibliographische Detailangaben
1. Verfasser: Hríbik, Dušan (Verfasst von)
Weitere Verfasser: Variny, Miroslav (Betreuung Doktorarbeit)
Format: Manuskript Buch
Sprache:Slowakisch
Veröffentlicht: 2024
Schlagworte:
Online-Zugang:http://is.stuba.sk/zp/portal_zp.pl?podrobnosti=168774
Tags: Tag hinzufügen
Keine Tags, Fügen Sie das erste Tag hinzu!

MARC

LEADER 00000ntm a22000003a 4500
001 stuzp99210
003 SK-STU
005 20240622210740.4
007 ta
008 150427s2015----xo-----f-mn---000-0-slo-d
040 |a STU  |b slo 
041 0 |a slo 
100 1 |a Hríbik, Dušan  |u 046230  |4 aut  |U FCHPT Ústav chemického a environmentálneho inžinierstva  |T FCHPT Oddelenie chemického a biochemického inžinierstva  |X 116034  |U C6230  |Y 119  |7 116034 
242 0 1 |a Modeling and Optimization of Propane-Propylene Stream Separation by Distillation  |y eng 
245 1 0 |a Modelovanie a optimalizácia separácie materiálového prúdu propán-propylén pomocou destilácie 
260 |c 2024 
650 4 |a C3 frakcia  |2 slo 
650 4 |a rovnovážny model  |2 slo 
650 4 |a tepelné čerpadlo  |2 slo 
650 4 |a equilibrium model  |2 eng 
650 4 |a C3 fraction  |2 eng 
650 4 |a heat pump  |2 eng 
700 1 |a Variny, Miroslav  |u 046230  |k Z1  |4 ths  |U FCHPT Ústav chemického a environmentálneho inžinierstva  |T FCHPT Oddelenie chemického a biochemického inžinierstva  |X 25916  |U C6230  |Y 119  |7 A000025916 
856 4 |u http://is.stuba.sk/zp/portal_zp.pl?podrobnosti=168774